000 00522cam a22001337a 4500
008 180718b2008 xxu||||| |||| 00| 0 eng d
082 _aAPPPA 2007-08/ARY
100 _aArya, Anshuli
245 _aThe National rural employment guarantee act and the Bihar employment guarantee scheme: a case study
_cby Anshuli Arya
260 _aNew Delhi
_bIndian Institute of Public Administration
_c2008
300 _av.p.
500 _aAn APPPA M.Phil dissertation, 2007-08 (Guide: Anil C. Ittyerah)
650 _aManpower policy - India
999 _c493599
_d493599